Linguistics Simplified Syntax (Record no. 6411)

MARC details
000 -LEADER
fixed length control field 00576nam a2200169 4500
020 ## - INTERNATIONAL STANDARD BOOK NUMBER
ISBN 8177093169
022 ## - INTERNATIONAL STANDARD SERIAL NUMBER
ISSN 9788177093162
050 ## - CALL NUMBER
Classification number PL4753
Item number .T32
100 ## - AUTHOR
Personal name Thakur Damodar
245 ## - TITLE
Title Linguistics Simplified Syntax
Statement of responsibility, etc Damodar Thakur
260 ## - PUBLICATION INFORMATION
Place of publication New Dehli
Name of publisher Bharati Bhawan Publishers and Distributors
Year of publication 2011
300 ## - DESCRIPTION
Number of Pages vii. 211 pages :
Dimensions 20 cm
505 ## - FORMATTED CONTENTS NOTE
Table of Content Part I. A descriptive view of English Language<br/>Part II. Syntax in a Theoretical perspective<br/> Selected references
650 ## - SUBJECTS
Topical Term English Language
650 ## - SUBJECTS
Topical Term English language -- Grammar
942 ## - ADDED ENTRY ELEMENTS (KOHA)
Koha item type Books
Holdings
Withdrawn status Lost status Collection code Home library Current library Shelving location Date acquired Full call number Accession Number Koha item type
    Reference Methodist University Library Main Methodist University Library Main General Stacks 15/02/2013 PL4753 .T32 38117 Books
Copyright © 2026  MUG Library